Statistics for Beatles Songs anagrams

Click here to take the quiz!

General Stats

  • This quiz has been taken 2,283 times
  • The average score is 6 of 14

Answer Stats

AnagramSong% Correct
Let BiteLet it Be
98%
Sowbelly MaurineYellow Submarine
73%
Dry me VicarDrive My Car
64%
Backwater RipperPaperback Writer
58%
Go Comet ThreeCome Together
57%
Ignore BarleyEleanor Rigby
48%
Seedy TrayYesterday
44%
Bald BrickBlackbird
43%
Dirty PaperDay Tripper
41%
Wartimes HulaI am the Walrus
41%
Oregano WindowNorwegian Wood
21%
Brackish TunesBack in the USSR
14%
I Dust WhatnotsTwist and Shout
13%
Out of MemoryFrom me to You
8%

Score Distribution

Percentile by Number Answered

Percent of People with Each Score

Your Score History

You have not taken this quiz